Harry Potter: la Poudre de Cheminette - Statistiques

Statistiques générales
  • Ce quiz a été pris 96 fois
  • Le résultat moyen est 4 sur 7
Statistiques - réponses
Information Réponse % Correct
Première apparition Harry Potter et la Chambre des Secrets
100%
Endroit où doit aller Harry la première fois qu'il en utilise Chemin de Traverse
92%
Derniere apparition Harry Potter et le Prince de Sang-Mêlé
92%
Endroit où il va vraiment Allée des Embrumes
74%
Utilisation Transport
58%
Date de fabrication 13e siècle
11%
Fabricant Poudchem et Ignatia Wildsmith
11%
Aucun quiz correspondant
Distribution des résultats
% des personnes avec chaque résultat
Percentile par nombre de réponses
Votre historique - résultats
Vous n’avez pas pris ce quiz